Loading...
| Current Events | 2 | 15.00 | 100% | 50% | 0% |
| Fine Arts - Classical Music | 8 | 25.00 | 100% | 88% | 63% |
| Fine Arts - Other Fine Arts | 6 | 18.33 | 83% | 67% | 33% |
| Fine Arts - Painting and Sculpture | 11 | 23.64 | 100% | 91% | 46% |
| Geography | 2 | 15.00 | 100% | 50% | 0% |
| History - American History | 7 | 15.71 | 100% | 29% | 29% |
| History - European History | 8 | 25.00 | 100% | 88% | 63% |
| History - Other History | 12 | 20.83 | 100% | 75% | 33% |
| History - World History | 10 | 21.00 | 100% | 90% | 20% |
| Literature - American Literature | 8 | 21.25 | 88% | 88% | 38% |
| Literature - British Literature | 7 | 22.86 | 100% | 100% | 29% |
| Literature - European Literature | 10 | 21.00 | 100% | 70% | 40% |
| Literature - World Literature | 10 | 22.00 | 100% | 80% | 40% |
| Mythology | 10 | 22.00 | 100% | 90% | 30% |
| Other Academic | 1 | 20.00 | 100% | 100% | 0% |
| Philosophy | 10 | 25.00 | 100% | 90% | 60% |
| Pop Culture | 2 | 25.00 | 100% | 100% | 50% |
| Religion | 10 | 17.00 | 100% | 50% | 20% |
| Science - Biology | 8 | 23.75 | 100% | 88% | 50% |
| Science - Chemistry | 9 | 18.89 | 100% | 67% | 22% |
| Science - Other Science | 11 | 18.18 | 100% | 64% | 18% |
| Science - Physics | 7 | 24.29 | 100% | 100% | 43% |
| Social Science | 7 | 20.00 | 100% | 71% | 29% |